In quest for God and freedom : (Record no. 533821)
[ view plain ]
| 000 -LEADER | |
|---|---|
| fixed length control field | 01242cam a2200337 a 4500 |
| 001 - CONTROL NUMBER | |
| control field | 12695184 |
| 003 - CONTROL NUMBER IDENTIFIER | |
| control field | NUST |
| 005 - DATE AND TIME OF LATEST TRANSACTION | |
| control field | 20200121153537.0 |
| 008 - FIXED-LENGTH DATA ELEMENTS--GENERAL INFORMATION | |
| fixed length control field | 020307s2000 enkab b 001 0 eng d |
| 010 ## - LIBRARY OF CONGRESS CONTROL NUMBER | |
| LC control number | 2002318712 |
| 015 ## - NATIONAL BIBLIOGRAPHY NUMBER | |
| National bibliography number | GB98-V3134 |
| 020 ## - INTERNATIONAL STANDARD BOOK NUMBER | |
| International Standard Book Number | 1850653844 |
| 035 ## - SYSTEM CONTROL NUMBER | |
| System control number | (OCoLC)ocm45478498 |
| 038 ## - RECORD CONTENT LICENSOR | |
| Staff Name | MSOHAIL |
| 040 ## - CATALOGING SOURCE | |
| Original cataloging agency | CGU |
| Transcribing agency | CGU |
| Modifying agency | UKM |
| -- | VPI |
| -- | GZQ |
| -- | OCLCQ |
| -- | DLC |
| 042 ## - AUTHENTICATION CODE | |
| Authentication code | lccopycat |
| 043 ## - GEOGRAPHIC AREA CODE | |
| Geographic area code | e-urr-- |
| 050 00 - LIBRARY OF CONGRESS CALL NUMBER | |
| Classification number | DK511.C2 |
| Item number | Z45 2000b |
| 082 ## - DEWEY DECIMAL CLASSIFICATION NUMBER | |
| Classification number | 947.52 |
| 100 1# - MAIN ENTRY--PERSONAL NAME | |
| Personal name | Zelkina, Anna. |
| 9 (RLIN) | 27815 |
| 245 10 - TITLE STATEMENT | |
| Title | In quest for God and freedom : |
| Remainder of title | the Sufi response to the Russian advance in the North Caucasus / |
| Statement of responsibility, etc. | Anna Zelkina. |
| 260 ## - PUBLICATION, DISTRIBUTION, ETC. | |
| Place of publication, distribution, etc. | London : |
| Name of publisher, distributor, etc. | Hurst & Co., |
| Date of publication, distribution, etc. | c2000. |
| 300 ## - PHYSICAL DESCRIPTION | |
| Extent | xxiii, 265 p. : |
| Other physical details | ill., maps ; |
| Dimensions | 23 cm. |
| 504 ## - BIBLIOGRAPHY, ETC. NOTE | |
| Bibliography, etc. note | Includes bibliographical references (p. 239-259) and index. |
| 650 #0 - SUBJECT ADDED ENTRY--TOPICAL TERM | |
| Topical term or geographic name entry element | Islam |
| Geographic subdivision | Russia (Federation) |
| -- | Caucasus, Northern |
| Chronological subdivision | 19th century. |
| 9 (RLIN) | 27816 |
| 650 #0 - SUBJECT ADDED ENTRY--TOPICAL TERM | |
| Topical term or geographic name entry element | Naqshabandīyah |
| Geographic subdivision | Russia (Federation) |
| -- | Caucasus, Northern |
| General subdivision | History |
| Chronological subdivision | 19th century. |
| 9 (RLIN) | 27817 |
| 651 #0 - SUBJECT ADDED ENTRY--GEOGRAPHIC NAME | |
| Geographic name | Caucasus, Northern (Russia) |
| General subdivision | History |
| Chronological subdivision | 19th century. |
| 9 (RLIN) | 27818 |
| 906 ## - LOCAL DATA ELEMENT F, LDF (RLIN) | |
| a | 7 |
| b | cbc |
| c | copycat |
| d | 3 |
| e | ncip |
| f | 20 |
| g | y-gencatlg |
| 942 ## - ADDED ENTRY ELEMENTS (KOHA) | |
| Source of classification or shelving scheme | |
| Koha item type | Book |
| Withdrawn status | Lost status | Source of classification or shelving scheme | Damaged status | Not for loan | Permanent Location | Current Location | Date acquired | Total Checkouts | Full call number | Barcode | Date last seen | Price effective from | Koha item type |
|---|---|---|---|---|---|---|---|---|---|---|---|---|---|
| School of Civil and Environmental Engineering (SCEE) | School of Civil and Environmental Engineering (SCEE) | 01/21/2020 | 947.52 | NIT-9294 | 01/21/2020 | 01/21/2020 | Book |
